MARC

LEADER 00000cam a2200000 4500
001 vtls011996576
003 SK-MaSNL
005 20260425231129.0
008 201008s2020 xr a frn 000 0 cze
020 |a 9788026216681  |q (brožované) 
040 |a SNK  |b slo  |c SNK  |e rda 
041 0 |a cze 
043 |a e-xr--- 
044 |a xr  |c CZ 
072 7 |a 159.9  |x Psychológia  |2 konspekt 
080 |a 37.091.12  |2 2011 
080 |a 159.913  |2 2011 
080 |a 613.62:616.89-008.44  |2 2011 
080 |a 165.242.1  |2 2011 
080 |a 316.472.4  |2 2011 
080 |a 37.064.2  |2 2011 
080 |a 159.9.07  |2 2011 
080 |a 373.3  |2 2011 
080 |a (078.7)  |2 2001 
080 |a (048.8:082)  |2 2011 
080 |a (437.3)  |2 2011 
100 1 |a Smetáčková, Irena,  |d 1976-  |4 aut  |9 440973 
245 1 0 |a Učitelské vyhoření  |b proč vzniká a jak se proti němu bránit  |c Irena Smetáčková, Stanislav Štech, Ida Viktorová, Veronika Pavlas Martanová, Anna Páchová, Veronika Francová 
250 |a Vydání první 
264 1 |a Praha  |b Portál  |c 2020 
300 |a 244 strán  |b grafy, obrázky, tabuľky  |c 23 cm 
336 |a text  |b txt  |2 rdacontent 
337 |a bez média  |b n  |2 rdamedia 
338 |a zväzok  |b nc  |2 rdacarrier 
504 |a Bibliografia na strane 235-242 
650 0 7 |a učiteľská profesia  |2 SNKPH  |9 74525 
650 0 7 |a psychologický stres  |2 SNKPH  |9 4285 
650 0 7 |a syndróm vyhorenia  |2 SNKPH  |9 4056 
650 0 7 |a sebapoznanie  |2 SNKPH  |9 4292 
650 0 7 |a interpersonálne vzťahy  |2 SNKPH  |9 3770 
650 0 7 |a Teacher career  |2 SNKPHeng  |9 270895 
650 0 7 |a Stress psychology  |2 SNKPHeng  |9 328922 
650 0 7 |a Burn-out syndrome  |2 SNKPHeng  |9 318730 
650 0 7 |a Self-consciousness  |2 SNKPHeng  |9 281701 
650 0 7 |a Interpersonal relations  |2 SNKPHeng  |9 278058 
650 0 7 |a Teacher and learner  |2 SNKPHeng  |9 319749 
650 0 7 |a Psychological research  |2 SNKPHeng  |9 310198 
650 0 7 |a Elementary schools  |2 SNKPHeng  |9 265049 
650 0 7 |a učiteľ a žiak  |2 SNKPH  |9 2637 
650 0 7 |a psychologický výskum  |2 SNKPH  |9 68912 
650 0 7 |a základné školy  |2 SNKPH  |9 1280 
651 7 |a Česko  |2 SNKPH  |9 16753 
651 7 |a Czechia  |2 SNKPH  |9 170107 
655 7 |a prípadové štúdie  |2 SNKPH  |9 70498 
655 7 |a Case studies  |2 SNKPH  |9 302769 
655 7 |a Collective monographs  |2 SNKPH  |9 125747 
655 7 |a kolektívne monografie  |2 SNKPH  |9 249850 
700 1 |a Štech, Stanislav,  |d 1954-  |4 aut  |9 135302 
700 1 |a Viktorová, Ida,  |d 1959-  |4 aut  |4 aut  |9 440974 
700 1 |a Pavlas Martanová, Veronika,  |d 1977-  |4 aut  |9 440975 
700 1 |a Páchová, Anna  |4 aut  |9 440976 
700 1 |a Francová, Veronika  |4 aut  |9 440977 
852 |a Štátna vedecká knižnica v Banskej Bystrici 
919 |a 978-80-262-1668-1 
958 |a CZ 
958 |a NB 
999 |c 695502  |d 697432 
952 |t snkSME 37.064.2  |a SNKUST  |b SNKUST  |y PREZ  |7 0  |p 17A1446083  |o snkIC 145481  |i snk2020/19920  |8 3  |g 13.45  |0 0  |1 0  |4 0  |d 2020-10-28  |l 0  |r 2025-04-29 00:00:00  |w 2026-02-23